[Event "Stay Safe Play From Home 300"]
[Site "Emanuel Lasker Arena"]
[Date "2020.07.13"]
[Round "9"]
[White "Tunca"]
[Black "Lazieri3"]
[Result "0-1"]
[WhiteElo "1666"]
[BlackElo "1980"]
[Annotator "TA"]
[PlyCount "80"]
[EventDate "2020.07.13"]
[EventType "swiss (blitz)"]

{[%evp 11,80,6,65,54,61,53,83,62,74,67,73,74,93,35,41,10,10,13,16,11,16,18,20,12,20,0,0,13,24,6,12,0,20,12,37,29,37,25,27,13,27,9,16,19,31,-6,-9,-14,0,-19,-17,-15,-15,-20,-20,-19,-18,-7,6,0,0,-22,-21,-21,-21,-16,-8,-22,0,-243,-244]} 1. e4 c6 2. d4 d5 3. Nc3 dxe4 4. Nxe4 Nd7 5. Nf3 Ngf6 6. Ng3 Nb6 (6... e6 $11) 7. Bd3 {B17: Caro-Kann: Modern Line (4...Nd7).} Bg4 8. c3 {[#]} Nh5 $146 ({Predecessor:} 8... e6 9. h3 Bxf3 10. Qxf3 Nbd5 11. O-O Bd6 12. Re1 O-O 13. Ne4 Be7 14. Bg5 h6 {0-1 (34) Blazeka,M (2094)-Tica,S (2442) St Filip i Jakov 2018}) 9. Ne4 {White is better.} e6 10. h3 Bxf3 11. Qxf3 ({Much worse is} 11. gxf3 $6 Nd5 $11) 11... Nf6 12. Bg5 (12. Nxf6+ $16 Qxf6 13. Qg3) 12... Be7 $14 13. O-O Nxe4 14. Bxe7 Nd2 15. Qf4 Qxe7 16. Qxd2 O-O 17. Rfe1 g6 18. Re5 Nd7 19. Re3 Qg5 20. Rae1 Rad8 21. Qe2 Qf6 22. Rf3 Qg7 23. Qe3 Nf6 24. Bc4 Nd5 25. Qe4 Rfe8 26. Bb3 Qh6 27. Qe5 Qg7 28. Kf1 (28. Qg5 {seems wilder.} b5 29. a4 b4 30. a5 h6 31. Qh4) 28... Qxe5 29. Rxe5 Rd7 30. h4 h5 31. g3 Kg7 32. Rd3 Red8 33. Rd1 Ne7 34. Rde1 Nc8 35. Kg2 a6 36. f4 Nd6 37. Kf3 Nf5 38. R1e2 Nh6 39. Bc2 Ng4 40. Bb3 $2 {[#]} (40. Rg5 $11 {and White has nothing to worry.}) 40... Nxe5+ {Accuracy: White = 87%, Black = 93%.} 0-1